B2B marketing – špecifiká obchodovania na vládnych trhoch

Na minha lista:
Detalhes bibliográficos
Autor principal: Katrenčík, Ivan (Author)
Outros Autores: Plchová, Jana, 1966- (Thesis advisor)
Formato: Manuscrito Livro
Idioma:eslovaco
Publicado em: 2015
Assuntos:
Acesso em linha:http://is.stuba.sk/zp/portal_zp.pl?podrobnosti=113211
Tags: Adicionar Tag
Sem tags, seja o primeiro a adicionar uma tag!

MARC

LEADER 00000ntm a22000003a 4500
001 stuzp52915
003 SK-STU
005 20160719154323.4
007 ta
008 150427s2015----xo-----f-mn---000-0-slo-d
040 |a STU  |b slo 
041 0 |a slo 
100 1 |a Katrenčík, Ivan  |u 902024  |4 aut  |U Ústav manažmentu STU  |T ÚM - Oddelenie manažmentu chemických a potravinárskych technológií  |X 44219  |U R2024  |Y 408  |7 44219 
242 0 1 |a B2B Marketing - Specifics of Trading on the Government Markets  |y eng 
245 1 0 |a B2B marketing – špecifiká obchodovania na vládnych trhoch 
260 |c 2015 
650 4 |a vládne trhy  |2 slo 
650 4 |a elektronická aukcia  |2 slo 
650 4 |a b2b marketing  |2 slo 
650 4 |a trh oganizácií  |2 slo 
650 4 |a verejné obstarávanie  |2 slo 
650 4 |a b2b marketing  |2 eng 
650 4 |a electronic auction  |2 eng 
650 4 |a government markets  |2 eng 
650 4 |a public procurement  |2 eng 
650 4 |a the market of organizations  |2 eng 
700 1 |a Plchová, Jana,  |d 1966-  |4 ths  |X 1766  |7 A000001766 
856 4 |u http://is.stuba.sk/zp/portal_zp.pl?podrobnosti=113211 
SQL |a stuzp52915  |b DDP  |c SLO  |d B2B marketing – špecifiká obchodovania na vládnych trhoch  |e 44219  |f Katrenčík, Ivan  |g 902024  |h 1766  |i Plchová, Jana  |j 20150609  |k 761  |l 04  |m http://is.stuba.sk/zp/portal_zp.pl?podrobnosti=113211  |n I-RTP  |o 5.2.18. chemické technológie